[Event "119th Scottish Championship"]
[Site "Glasgow"]
[Date "2012.07.09"]
[Round "3"]
[White "Roy, Ali"]
[Black "Rysbaeva, Korlan"]
[Result "1/2-1/2"]
[WhiteElo "1822"]
[BlackElo "2057"]
[PlyCount "81"]
[EventDate "2012.07.07"]
[EventType "swiss"]
[EventRounds "9"]
[EventCountry "SCO"]
[Source "Chess Scotland"]
[SourceDate "2012.07.24"]

1. Nf3 Nf6 2. c4 c5 3. Nc3 d5 4. cxd5 Nxd5 5. d4 Nxc3 6. bxc3 g6 7. e3 Bg7 8.
Bc4 O-O 9. O-O Nc6 10. Qe2 Qc7 11. Bb2 Bg4 12. Rac1 e5 13. h3 Bxf3 14. Qxf3
exd4 15. cxd4 cxd4 16. Bd5 dxe3 17. Bxg7 exf2+ 18. Rxf2 Kxg7 19. Bxc6 bxc6 20.
Rxc6 Qd7 21. Qc3+ Kg8 22. Rc7 Qd1+ 23. Rf1 Qa4 24. Qc4 Qxc4 25. Rxc4 Rfc8 26.
Rfc1 Rxc4 27. Rxc4 Kg7 28. Rc6 g5 29. Ra6 f6 30. Kf2 Kg6 31. g4 Kf7 32. Kf3 Kg7
33. a4 Kg6 34. Kf2 h5 35. gxh5+ Kf5 36. Kf3 Rh8 37. Ra5+ Ke6 38. Ra6+ Kf5 39.
Ra5+ Ke6 40. Ra6+ Kf5 41. Ra5+ 1/2-1/2

[Event "119th Scottish Championship"]
[Site "Glasgow"]
[Date "2012.07.09"]
[Round "3"]
[White "Jelfs, Alan"]
[Black "Bolt, Graham"]
[Result "1/2-1/2"]
[WhiteElo "1852"]
[BlackElo "2071"]
[PlyCount "109"]
[EventDate "2012.07.07"]
[EventType "swiss"]
[EventRounds "9"]
[EventCountry "SCO"]
[Source "Chess Scotland"]
[SourceDate "2012.07.24"]

1. d4 g6 2. c4 Bg7 3. Nc3 d6 4. e4 c6 5. f3 a6 6. a4 a5 7. Be3 Na6 8. Qd2 Bd7
9. Nge2 Rc8 10. d5 Nf6 11. g4 Nb4 12. Ng3 h6 13. Be2 Qc7 14. O-O Kf8 15. Rfc1
Kg8 16. Kg2 Kh7 17. Na2 Nxa2 18. Rxa2 cxd5 19. exd5 e6 20. dxe6 Bxe6 21. Ra3
Qc6 22. h3 Rhd8 23. b4 axb4 24. Qxb4 Ra8 25. Bb6 Rdc8 26. a5 Nd7 27. Be3 Nc5
28. Rb1 Rc7 29. Qb5 Qe8 30. Qxe8 Rxe8 31. Bxc5 dxc5 32. Rab3 Ra8 33. Rxb7 Rxb7
34. Rxb7 Rxa5 35. Rb5 Rxb5 36. cxb5 c4 37. b6 c3 38. Bd3 Bd5 39. Ne2 Bb7 40.
Be4 Bxe4 41. fxe4 Be5 42. b7 c2 43. Kf2 Kg7 44. Ke3 Kf8 45. Kd3 Ke7 46. Kxc2
Kd7 47. Nd4 Bb8 48. Kd3 Kc7 49. e5 Kxb7 50. Ke4 Kc8 51. e6 fxe6 52. Nxe6 Bd6
53. Kd5 Kd7 54. Nd4 Bg3 55. Nc6 1/2-1/2

[Event "119th Scottish Championship"]
[Site "Glasgow"]
[Date "2012.07.09"]
[Round "3"]
[White "Hilton, Stephen H"]
[Black "McKenna, Jason P"]
[Result "1/2-1/2"]
[WhiteElo "1918"]
[BlackElo "2115"]
[PlyCount "63"]
[EventDate "2012.07.07"]
[EventType "swiss"]
[EventRounds "9"]
[EventCountry "SCO"]
[Source "Chess Scotland"]
[SourceDate "2012.07.24"]

1. d4 g6 2. c4 Bg7 3. Nc3 Nf6 4. e4 d6 5. Be2 O-O 6. Bg5 Na6 7. Qd2 e5 8. d5
Qe8 9. Bd1 Nc5 10. f3 Bd7 11. b4 Na6 12. Rb1 Nh5 13. Nge2 f5 14. Bc2 Nf4 15.
O-O Nxe2+ 16. Qxe2 f4 17. Bh4 g5 18. Bf2 h5 19. c5 g4 20. c6 gxf3 21. gxf3 Bh3
22. Kh1 Bxf1 23. Qxf1 Qc8 24. Bd3 Nb8 25. cxb7 Qxb7 26. Qh3 Qc8 27. Qxh5 Qe8
28. Qh3 Rf6 29. Rg1 Kf8 30. Bb5 Qf7 31. Qc8+ Ke7 32. Qxc7+ 1/2-1/2

[Event "119th Scottish Championship"]
[Site "Glasgow"]
[Date "2012.07.09"]
[Round "3"]
[White "Zamvar, Vipin"]
[Black "Sigurdarson, Emil"]
[Result "0-1"]
[WhiteElo "1676"]
[BlackElo "1808"]
[PlyCount "70"]
[EventDate "2012.07.07"]
[EventType "swiss"]
[EventRounds "9"]
[EventCountry "SCO"]
[Source "Chess Scotland"]
[SourceDate "2012.07.24"]

1. e4 c6 2. d3 d5 3. Nd2 e5 4. Ngf3 Bd6 5. g3 Bg4 6. Bg2 Nf6 7. O-O O-O 8. Re1
Nbd7 9. Nf1 h6 10. Ne3 Be6 11. Nf5 Bxf5 12. exf5 Re8 13. h4 Qc7 14. Nh2 Rad8
15. g4 e4 16. Nf1 Ne5 17. g5 hxg5 18. hxg5 Nfg4 19. d4 Nf3+ 20. Bxf3 exf3 21.
Rxe8+ Rxe8 22. Qxf3 Re4 23. Be3 Bf4 24. g6 Bxe3 25. fxe3 fxg6 26. fxg6 Nf6 27.
Kf2 Rg4 28. Qf5 Qe7 29. Ke2 Qe8 30. Nd2 Rxg6 31. Kd3 Rg3 32. Re1 c5 33. Nf1 Rg2
34. dxc5 Qb5+ 35. Kc3 Qc4# 0-1

[Event "119th Scottish Championship"]
[Site "Glasgow"]
[Date "2012.07.09"]
[Round "3"]
[White "Parks, Joe"]
[Black "Noordhoek, Henk"]
[Result "0-1"]
[WhiteElo "1910"]
[BlackElo "2095"]
[PlyCount "52"]
[EventDate "2012.07.07"]
[EventType "swiss"]
[EventRounds "9"]
[EventCountry "SCO"]
[Source "Chess Scotland"]
[SourceDate "2012.07.24"]

1. d4 Nf6 2. c4 g6 3. Nc3 d5 4. cxd5 Nxd5 5. e4 Nxc3 6. bxc3 c5 7. Be3 Bg7 8.
Nf3 O-O 9. Qd2 Qc7 10. Rc1 Nc6 11. d5 Ne5 12. Nxe5 Qxe5 13. f3 Qc7 14. c4 f5
15. Bd3 fxe4 16. Bxe4 Be5 17. g4 Bf4 18. O-O Qd6 19. Qf2 b6 20. Bxf4 Rxf4 21.
Qe3 Bd7 22. Rce1 Raf8 23. Rf2 Bxg4 24. fxg4 Rxf2 25. Qxf2 Rxf2 26. Kxf2 Qxh2+
0-1

[Event "119th Scottish Championship"]
[Site "Glasgow"]
[Date "2012.07.09"]
[Round "3"]
[White "Mitchell, Martin"]
[Black "Marks, Ian A"]
[Result "0-1"]
[WhiteElo "2217"]
[BlackElo "1914"]
[PlyCount "66"]
[EventDate "2012.07.07"]
[EventType "swiss"]
[EventRounds "9"]
[EventCountry "SCO"]
[Source "Chess Scotland"]
[SourceDate "2012.07.24"]

1. d4 d6 2. Nf3 Bg4 3. e4 Nf6 4. Nc3 e6 5. h3 Bh5 6. Be3 Be7 7. Be2 c6 8. O-O
d5 9. exd5 exd5 10. Nh4 Bxe2 11. Qxe2 O-O 12. Nf5 Re8 13. Qf3 Bd6 14. Bg5 Bc7
15. Nh6+ Kf8 16. Ng4 Nbd7 17. Qf5 h5 18. Ne3 Qe7 19. Qf3 Qe6 20. Nf5 g6 21.
Bh6+ Kg8 22. Ng7 Qd6 23. g3 Rec8 24. Qe3 Kh7 25. Rfe1 Ba5 26. Qg5 Rg8 27. Re3
Bxc3 28. bxc3 Ne4 29. Rxe4 dxe4 30. Qe3 Nf6 31. Bf4 Qd7 32. Be5 Kxg7 33. d5
Qxd5 0-1

[Event "119th Scottish Championship"]
[Site "Glasgow"]
[Date "2012.07.09"]
[Round "3"]
[White "Hawkins, Jonathan"]
[Black "Quinn, David"]
[Result "1-0"]
[WhiteElo "2499"]
[BlackElo "1696"]
[PlyCount "57"]
[EventDate "2012.07.07"]
[EventType "swiss"]
[EventRounds "9"]
[EventCountry "SCO"]
[Source "Chess Scotland"]
[SourceDate "2012.07.24"]

1. Nf3 Nf6 2. c4 c6 3. d4 d5 4. Nc3 a6 5. e3 Bf5 6. Qb3 Ra7 7. Nh4 Bg6 8. Nxg6
hxg6 9. g3 e6 10. Bg2 Be7 11. e4 dxc4 12. Qxc4 b5 13. Qe2 Rc7 14. Be3 c5 15.
dxc5 Bxc5 16. Rd1 Qc8 17. Bxc5 Rxc5 18. e5 b4 19. exf6 bxc3 20. fxg7 Rg8 21.
bxc3 Rxc3 22. O-O Rxg7 23. Qb2 f6 24. Rd6 Re7 25. Rfd1 Nd7 26. Qd2 Rc2 27. Qh6
Ne5 28. Rd8+ Qxd8 29. Qh8+ 1-0

[Event "119th Scottish Championship"]
[Site "Glasgow"]
[Date "2012.07.09"]
[Round "3"]
[White "Thorfinnsson, Bragi"]
[Black "Grove, Michael"]
[Result "1-0"]
[WhiteElo "2465"]
[BlackElo "1955"]
[PlyCount "59"]
[EventDate "2012.07.07"]
[EventType "swiss"]
[EventRounds "9"]
[EventCountry "SCO"]
[Source "Chess Scotland"]
[SourceDate "2012.07.24"]

1. d4 Nf6 2. Bg5 Ne4 3. Bf4 c5 4. f3 Nf6 5. d5 d6 6. e4 Nbd7 7. c4 g6 8. Nc3
Bg7 9. Qd2 O-O 10. Nh3 a6 11. a4 Qa5 12. Ra3 Qb4 13. Qc2 Qa5 14. Nf2 h6 15. Be2
Ne8 16. O-O e5 17. dxe6 fxe6 18. Bd2 Qd8 19. Qc1 Kh7 20. f4 Bd4 21. Kh1 Nb8 22.
f5 gxf5 23. exf5 exf5 24. Bxh6 Rg8 25. Nd5 Qh4 26. Rh3 Bxf2 27. Rxf2 Qxf2 28.
Bf8+ Kg6 29. Bh5+ Kh7 30. Qh6# 1-0

[Event "119th Scottish Championship"]
[Site "Glasgow"]
[Date "2012.07.09"]
[Round "3"]
[White "O'Donnell, Conor"]
[Black "Arakhamia Grant, Ketevan"]
[Result "1-0"]
[WhiteElo "1939"]
[BlackElo "2416"]
[PlyCount "97"]
[EventDate "2012.07.07"]
[EventType "swiss"]
[EventRounds "9"]
[EventCountry "SCO"]
[Source "Chess Scotland"]
[SourceDate "2012.07.24"]

1. e4 c5 2. Nc3 e6 3. f4 a6 4. Nf3 Nc6 5. g4 d5 6. d3 b5 7. Bg2 Nge7 8. O-O Bb7
9. f5 exf5 10. gxf5 dxe4 11. Nxe4 Nd5 12. Qe2 Be7 13. c4 Nf6 14. Nxc5 Nd4 15.
Nxd4 Bxg2 16. Re1 Qxd4+ 17. Be3 Qg4 18. Qxg2 O-O-O 19. Nxa6 Qxg2+ 20. Kxg2 Rxd3
21. cxb5 Nd5 22. Rac1+ Kb7 23. Bf2 Bd6 24. a4 Rd2 25. Nc5+ Bxc5 26. Rxc5 Rd8
27. Kf3 Rxb2 28. a5 Rb3+ 29. Be3 Nb4 30. a6+ Kb8 31. a7+ Kb7 32. Rec1 Nd5 33.
Re1 Nxe3 34. Rxe3 Rxe3+ 35. Kxe3 Kxa7 36. Rc7+ Kb6 37. Rxf7 Rd5 38. Ke4 Rd2 39.
h4 Kxb5 40. Rxg7 h5 41. Rg5 Kc6 42. Ke5 Kd7 43. Kf6 Ke8 44. Rxh5 Rd6+ 45. Kg7
Rd7+ 46. Kg6 Rd1 47. f6 Rg1+ 48. Rg5 Rf1 49. Kg7 1-0

[Event "119th Scottish Championship"]
[Site "Glasgow"]
[Date "2012.07.09"]
[Round "3"]
[White "Enchev, Ivajlo"]
[Black "Ridge, Michael"]
[Result "1-0"]
[WhiteElo "2413"]
[BlackElo "1927"]
[PlyCount "85"]
[EventDate "2012.07.07"]
[EventType "swiss"]
[EventRounds "9"]
[EventCountry "SCO"]
[Source "Chess Scotland"]
[SourceDate "2012.07.24"]

1. c4 Nf6 2. Nc3 g6 3. e4 d6 4. d4 Bg7 5. f3 O-O 6. Bg5 Nc6 7. Nge2 a6 8. Rc1
Bd7 9. Qd2 Re8 10. Be3 Rb8 11. Nd1 e6 12. g3 b5 13. c5 dxc5 14. Rxc5 Bf8 15.
Rc1 Bb4 16. Ndc3 e5 17. d5 Na5 18. b3 Nh5 19. Bg2 Qc8 20. O-O Nb7 21. Rfd1 Nd6
22. Qb2 Ba5 23. Nb1 Bb6 24. Bxb6 Rxb6 25. Qc3 Rb7 26. Qb4 Qb8 27. Rc2 f5 28.
Nc1 Nf6 29. Nd3 Qa7+ 30. Nc5 fxe4 31. fxe4 g5 32. Qe1 Nc4 33. bxc4 Qxc5+ 34.
Qf2 Qxf2+ 35. Rxf2 Ng4 36. Rf3 Nxh2 37. Kxh2 Bg4 38. c5 Bxf3 39. Bxf3 Rf8 40.
Bg4 Rf2+ 41. Kh3 Rxa2 42. c6 Ra7 43. d6 1-0

[Event "119th Scottish Championship"]
[Site "Glasgow"]
[Date "2012.07.09"]
[Round "3"]
[White "Giulian, Rosemary A"]
[Black "Bejtovic, Jasmin"]
[Result "0-1"]
[WhiteElo "1918"]
[BlackElo "2385"]
[PlyCount "48"]
[EventDate "2012.07.07"]
[EventType "swiss"]
[EventRounds "9"]
[EventCountry "SCO"]
[Source "Chess Scotland"]
[SourceDate "2012.07.24"]

1. e4 c5 2. Nc3 e6 3. f4 d5 4. Nf3 d4 5. Bb5+ Nd7 6. Ne2 Ngf6 7. Bxd7+ Qxd7 8.
d3 b6 9. O-O Bb7 10. Ng3 O-O-O 11. f5 h6 12. Bd2 exf5 13. Nxf5 g6 14. Ng3 Bg7
15. b4 cxb4 16. Bxb4 Ng4 17. Qe2 h5 18. Rfe1 h4 19. Nf1 h3 20. g3 Rhe8 21. Ng5
f5 22. Rab1 fxe4 23. Nxh3 exd3 24. Qxd3 Qd5 0-1

[Event "119th Scottish Championship"]
[Site "Glasgow"]
[Date "2012.07.09"]
[Round "3"]
[White "Klug, Christian"]
[Black "McKay, Roderick M"]
[Result "0-1"]
[WhiteElo "1894"]
[BlackElo "2376"]
[PlyCount "50"]
[EventDate "2012.07.07"]
[EventType "swiss"]
[EventRounds "9"]
[EventCountry "SCO"]
[Source "Chess Scotland"]
[SourceDate "2012.07.24"]

1. f4 d5 2. Nf3 g6 3. e3 Bg7 4. d4 Nf6 5. c3 O-O 6. Bd3 b6 7. Qe2 Bb7 8. O-O e6
9. Nbd2 c5 10. b3 a5 11. Bb2 a4 12. Ba3 Qc7 13. Rfc1 Rc8 14. Ne5 Nbd7 15. Ndf3
Ne4 16. g4 Nxe5 17. Nxe5 axb3 18. axb3 cxd4 19. Bxe4 dxe4 20. exd4 f6 21. Nc4
f5 22. Ne5 Bxe5 23. fxe5 f4 24. g5 e3 25. Qg4 Qd8 0-1

[Event "119th Scottish Championship"]
[Site "Glasgow"]
[Date "2012.07.09"]
[Round "3"]
[White "Schmerwitz, Reinhard"]
[Black "Bryson, Douglas M"]
[Result "0-1"]
[WhiteElo "1874"]
[BlackElo "2350"]
[PlyCount "88"]
[EventDate "2012.07.07"]
[EventType "swiss"]
[EventRounds "9"]
[EventCountry "SCO"]
[Source "Chess Scotland"]
[SourceDate "2012.07.24"]

1. e4 d5 2. exd5 Nf6 3. Bb5+ Bd7 4. Be2 Nxd5 5. d4 Bf5 6. Nf3 e6 7. O-O Nc6 8.
a3 Bg4 9. c3 Bd6 10. Ne5 Bxe2 11. Qxe2 Bxe5 12. dxe5 Qh4 13. Nd2 O-O-O 14. Nf3
Qh5 15. c4 Nde7 16. Bg5 Rd7 17. Bxe7 Nxe7 18. Rad1 Rhd8 19. Rxd7 Rxd7 20. Rd1
Rxd1+ 21. Qxd1 Nc6 22. Qe2 Qf5 23. h3 Qb1+ 24. Kh2 Qc1 25. Qe4 Qxb2 26. Qxh7
Nxe5 27. Qe4 Nxf3+ 28. Qxf3 Qe5+ 29. g3 f5 30. Qb3 b6 31. Kg2 a6 32. h4 b5 33.
cxb5 axb5 34. a4 Qe4+ 35. Kg1 bxa4 36. Qb5 Kd8 37. Qb8+ Kd7 38. Qb5+ Qc6 39.
Qe5 g6 40. Qg7+ Kc8 41. Qxg6 a3 42. Qg8+ Kb7 43. Qf8 Qc3 44. Qe8 Qb3 0-1

[Event "119th Scottish Championship"]
[Site "Glasgow"]
[Date "2012.07.09"]
[Round "3"]
[White "Barnaure, Vlad Victor"]
[Black "Vincenti, David"]
[Result "1-0"]
[WhiteElo "2511"]
[BlackElo "2091"]
[PlyCount "59"]
[EventDate "2012.07.07"]
[EventType "swiss"]
[EventRounds "9"]
[EventCountry "SCO"]
[Source "Chess Scotland"]
[SourceDate "2012.07.24"]

1. c4 e6 2. d4 f5 3. g3 Nf6 4. Bg2 c6 5. Nf3 d5 6. O-O Bd6 7. b3 Qe7 8. Ne5 O-O
9. Qc2 Nbd7 10. Bb2 a5 11. e3 Ne4 12. f3 Ng5 13. Nd3 b5 14. Nd2 bxc4 15. bxc4
Ba6 16. e4 f4 17. e5 Bb4 18. gxf4 Bxd2 19. Qxd2 Nf7 20. cxd5 cxd5 21. f5 exf5
22. f4 Nb6 23. Rfc1 Bc4 24. a4 Rfc8 25. Ba3 Qe8 26. Nb2 Rab8 27. Bc5 Nd7 28.
Nxc4 Nxc5 29. dxc5 dxc4 30. Rxc4 1-0

[Event "119th Scottish Championship"]
[Site "Glasgow"]
[Date "2012.07.09"]
[Round "3"]
[White "Aagaard, Jacob"]
[Black "Sverrisson, Nokkvi"]
[Result "1-0"]
[WhiteElo "2506"]
[BlackElo "1973"]
[PlyCount "61"]
[EventDate "2012.07.07"]
[EventType "swiss"]
[EventRounds "9"]
[EventCountry "SCO"]
[Source "Chess Scotland"]
[SourceDate "2012.07.24"]

1. e4 c5 2. Nf3 d6 3. d4 cxd4 4. Nxd4 Nf6 5. Nc3 g6 6. Be3 Bg7 7. f3 O-O 8. Qd2
Nc6 9. Bc4 Bd7 10. h4 h5 11. O-O-O Rc8 12. Bb3 Ne5 13. Bg5 Rc5 14. Kb1 a5 15.
a4 Qc8 16. g4 hxg4 17. h5 Nxh5 18. Bh6 Nxf3 19. Nxf3 gxf3 20. Nd5 Rxd5 21. Bxd5
Bh3 22. Rdg1 Kh7 23. Bxg7 Kxg7 24. Qg5 Rh8 25. Qxe7 Qd7 26. Rxg6+ Kxg6 27. Rg1+
Kh7 28. Qg5 Bg2 29. Qxh5+ Kg7 30. Qxf3 Kf8 31. Qxg2 1-0

[Event "119th Scottish Championship"]
[Site "Glasgow"]
[Date "2012.07.10"]
[Round "4"]
[White "Orr, Mark J L"]
[Black "Karlsson, Mikael"]
[Result "1-0"]
[WhiteElo "2260"]
[BlackElo "1929"]
[PlyCount "65"]
[EventDate "2012.07.07"]
[EventType "swiss"]
[EventRounds "9"]
[EventCountry "SCO"]
[Source "Chess Scotland"]
[SourceDate "2012.07.24"]

1. c4 c5 2. Nc3 Nc6 3. g3 g6 4. Bg2 Bg7 5. e4 d6 6. Nge2 e6 7. d3 Nge7 8. O-O
O-O 9. a3 Nd4 10. Rb1 a5 11. b4 axb4 12. axb4 Nec6 13. b5 Ne7 14. Bb2 Bd7 15.
Nxd4 cxd4 16. Ne2 Qb6 17. Ra1 Rfc8 18. Qb3 d5 19. exd5 exd5 20. Nf4 dxc4 21.
dxc4 Nf5 22. Nd5 Qc5 23. Ba3 Qxc4 24. Qxc4 Rxc4 25. Nb6 Rca4 26. Nxa8 Rxa8 27.
Bxb7 Ra7 28. Bc6 Bxc6 29. bxc6 d3 30. Bb2 Rc7 31. Ra8+ Bf8 32. Ba3 Ne7 33. Bd6
1-0

[Event "119th Scottish Championship"]
[Site "Glasgow"]
[Date "2012.07.10"]
[Round "4"]
[White "Tsang, Sai Kong"]
[Black "Magee, Ronan"]
[Result "0-1"]
[WhiteElo "1895"]
[BlackElo "1965"]
[PlyCount "120"]
[EventDate "2012.07.07"]
[EventType "swiss"]
[EventRounds "9"]
[EventCountry "SCO"]
[Source "Chess Scotland"]
[SourceDate "2012.07.24"]

1. d4 d5 2. g3 Nf6 3. Bg2 e6 4. Nf3 Be7 5. O-O O-O 6. c4 dxc4 7. Qc2 a6 8. Rd1
Nc6 9. Qxc4 Nb4 10. Nc3 b5 11. Qb3 Bb7 12. Bg5 Nbd5 13. Ne5 c6 14. e4 Nxc3 15.
bxc3 Qc7 16. Rac1 c5 17. Bxf6 Bxf6 18. Ng4 Bg5 19. f4 Be7 20. Ne3 Rac8 21. Rc2
Rfd8 22. Qb2 Qb6 23. Rcd2 Qa7 24. Kf1 cxd4 25. cxd4 b4 26. e5 Rc3 27. Rd3 Rxd3
28. Rxd3 a5 29. Bxb7 Qxb7 30. Qg2 Qb5 31. Qe2 Qc6 32. d5 exd5 33. Nf5 Bf8 34.
Nd4 Qc1+ 35. Rd1 Qc4 36. e6 Bc5 37. e7 Qxe2+ 38. Kxe2 Re8 39. Kf3 Rxe7 40. Nb3
Bb6 41. Rxd5 Ra7 42. Rd6 Bc7 43. Rd7 f5 44. Nd4 Bb6 45. Rxa7 Bxa7 46. Nc6 Bb6
47. h3 Kf7 48. Ke2 Ke6 49. Kd3 Kd6 50. Ne5 Kd5 51. g4 Bc7 52. Nc4 fxg4 53. hxg4
a4 54. f5 a3 55. Nd2 h6 56. Ne4 Be5 57. Nd2 Bc3 58. Ne4 Be5 59. Ke3 Bd4+ 60.
Kd3 b3 0-1

[Event "119th Scottish Championship"]
[Site "Glasgow"]
[Date "2012.07.10"]
[Round "4"]
[White "Kelly, J Steven"]
[Black "Mitchell, Martin"]
[Result "0-1"]
[WhiteElo "1889"]
[BlackElo "2217"]
[PlyCount "92"]
[EventDate "2012.07.07"]
[EventType "swiss"]
[EventRounds "9"]
[EventCountry "SCO"]
[Source "Chess Scotland"]
[SourceDate "2012.07.24"]

1. d4 Nf6 2. Nf3 e6 3. Bf4 c5 4. e3 Qb6 5. Qc1 d5 6. c3 Bd6 7. Bxd6 Qxd6 8. Bd3
O-O 9. Ne5 Nfd7 10. f4 g6 11. O-O f6 12. Ng4 Nc6 13. Qc2 Kg7 14. Na3 a6 15. Qf2
h5 16. Ne5 fxe5 17. dxe5 Qe7 18. Qg3 Qe8 19. e4 c4 20. exd5 exd5 21. Be2 Kh7
22. Rad1 Ne7 23. Nc2 Nc5 24. Nd4 Ne4 25. Qe1 b5 26. h3 Nc6 27. g4 Nxd4 28. Rxd4
Bb7 29. Qh4 Qd8 30. Qe1 hxg4 31. hxg4 Kg7 32. Bf3 Rxf4 33. Bxe4 Rxe4 34. Rxe4
dxe4 35. Qf2 Qe7 36. Qb6 Rc8 37. Rf6 Qc5+ 38. Kg2 Qxb6 39. Rxb6 Rc7 40. g5 e3+
41. Kf1 Bf3 42. Rf6 Bg4 43. Rf4 Rf7 44. Rf6 e2+ 45. Kf2 Rd7 46. Rxa6 Rd1 0-1

[Event "119th Scottish Championship"]
[Site "Glasgow"]
[Date "2012.07.10"]
[Round "4"]
[White "Einarsson, Oskar Long"]
[Black "Eggink, Gerhard"]
[Result "1/2-1/2"]
[WhiteElo "1587"]
[BlackElo "1965"]
[PlyCount "103"]
[EventDate "2012.07.07"]
[EventType "swiss"]
[EventRounds "9"]
[EventCountry "SCO"]
[Source "Chess Scotland"]
[SourceDate "2012.07.24"]

1. e4 e5 2. Nf3 Nc6 3. Bb5 a6 4. Ba4 Nf6 5. O-O Nxe4 6. d4 b5 7. Bb3 d5 8. dxe5
Be6 9. Be3 Be7 10. c3 Qd7 11. Bc2 Rd8 12. Nbd2 Bf5 13. Nb3 O-O 14. Nbd4 Bg6 15.
Qe2 Nxd4 16. cxd4 f6 17. Rad1 c6 18. Rfe1 Qe6 19. Bf4 fxe5 20. Bxe5 Bb4 21. Rf1
Qg4 22. h3 Qe6 23. Nh4 Bd6 24. Nxg6 hxg6 25. Bxd6 Rxd6 26. Rde1 Re8 27. Qd3 Qd7
28. Re3 Qf7 29. Qa3 Rf6 30. Rxe4 Rxe4 31. Bxe4 dxe4 32. Qxa6 e3 33. f3 Qc4 34.
Qa3 Qxd4 35. Qc3 c5 36. Qb3+ Kh7 37. Re1 Qd2 38. Rxe3 c4 39. Qc3 Qd6 40. b3 Rf4
41. Qe5 Qd4 42. Kf2 cxb3 43. Qxd4 Rxd4 44. axb3 Rd2+ 45. Re2 Rd3 46. Rb2 b4 47.
Kg3 Kh6 48. Kg4 g5 49. h4 Rd4+ 50. Kg3 gxh4+ 51. Kh3 Kg5 52. Kh2 1/2-1/2

[Event "119th Scottish Championship"]
[Site "Glasgow"]
[Date "2012.07.10"]
[Round "4"]
[White "Durno, Joy"]
[Black "McLatchie, J."]
[Result "1/2-1/2"]
[WhiteElo "1729"]
[BlackElo "1875"]
[PlyCount "52"]
[EventDate "2012.07.07"]
[EventType "swiss"]
[EventRounds "9"]
[EventCountry "SCO"]
[Source "Chess Scotland"]
[SourceDate "2012.07.24"]

1. d4 Nf6 2. c4 e6 3. g3 d5 4. Nf3 c6 5. Bg2 dxc4 6. Ne5 Nbd7 7. Nxc4 Nb6 8.
Nxb6 Bb4+ 9. Nc3 axb6 10. O-O O-O 11. Bg5 h6 12. Bxf6 Qxf6 13. Ne4 Qe7 14. a3
Bd6 15. Nxd6 Qxd6 16. e3 Ra5 17. Qe2 e5 18. Rfd1 Be6 19. dxe5 Qxe5 20. Rd4 Bd5
21. Rad1 Bxg2 22. Kxg2 Re8 23. Rd7 Re7 24. Rd8+ Re8 25. R8d7 Re7 26. Rd8+ Re8
1/2-1/2

[Event "119th Scottish Championship"]
[Site "Glasgow"]
[Date "2012.07.10"]
[Round "4"]
[White "Brown, Allan D"]
[Black "Robertson, Jim"]
[Result "0-1"]
[WhiteElo "1806"]
[BlackElo "1696"]
[PlyCount "48"]
[EventDate "2012.07.07"]
[EventType "swiss"]
[EventRounds "9"]
[EventCountry "SCO"]
[Source "Chess Scotland"]
[SourceDate "2012.07.24"]

1. d4 e6 2. Nf3 f5 3. g3 d5 4. Bg2 c6 5. O-O Bd6 6. b3 Nf6 7. c4 Ne4 8. Nfd2
Nd7 9. f3 Nxd2 10. Nxd2 h5 11. e4 h4 12. Qe1 hxg3 13. hxg3 Qg5 14. f4 Qh6 15.
e5 Bb4 16. Kf2 g5 17. fxg5 Qxg5 18. a3 Bc3 19. Ra2 Bxd4+ 20. Ke2 Qe3+ 21. Kd1
Qxe1+ 22. Rxe1 Nxe5 23. Nf3 Nxf3 24. Bxf3 Bf6 {Scoresheets unreadable} 0-1

[Event "119th Scottish Championship"]
[Site "Glasgow"]
[Date "2012.07.10"]
[Round "4"]
[White "Brunello, Marina"]
[Black "Rutherford, Elaine"]
[Result "1-0"]
[WhiteElo "2240"]
[BlackElo "2091"]
[PlyCount "61"]
[EventDate "2012.07.07"]
[EventType "swiss"]
[EventRounds "9"]
[EventCountry "SCO"]
[Source "Chess Scotland"]
[SourceDate "2012.07.24"]

1. e4 e5 2. Nf3 Nc6 3. d4 exd4 4. Nxd4 Nf6 5. Nc3 Bb4 6. Nxc6 bxc6 7. Bd3 d5 8.
exd5 O-O 9. O-O cxd5 10. Bg5 c6 11. Na4 Bd6 12. c4 h6 13. Bh4 Be6 14. Rc1 Bf4
15. Rc2 Qa5 16. Bxf6 Qxa4 17. b3 Qa3 18. cxd5 cxd5 19. Bd4 Rac8 20. Qf3 Bb8 21.
g3 Rfe8 22. Bb2 Qa5 23. Rd1 Kf8 24. Rcd2 Qb4 25. Bf5 Kg8 26. a3 Qb7 27. Qg4 g6
28. Qd4 Kf8 29. Qg7+ Ke7 30. Bxe6 Kxe6 31. Qf6+ 1-0

[Event "119th Scottish Championship"]
[Site "Glasgow"]
[Date "2012.07.10"]
[Round "4"]
[White "O'Molloy, Eamonn"]
[Black "MacQueen, Calum"]
[Result "0-1"]
[WhiteElo "1904"]
[BlackElo "2233"]
[PlyCount "126"]
[EventDate "2012.07.07"]
[EventType "swiss"]
[EventRounds "9"]
[EventCountry "SCO"]
[Source "Chess Scotland"]
[SourceDate "2012.07.24"]

1. e4 c5 2. c3 Nf6 3. e5 Nd5 4. d4 cxd4 5. Nf3 e6 6. cxd4 b6 7. Bc4 Bb7 8. O-O
Be7 9. Nc3 Nxc3 10. bxc3 O-O 11. Bd3 d6 12. exd6 Qxd6 13. Bb2 Nd7 14. Re1 Rfd8
15. Rc1 Bf6 16. c4 Nc5 17. dxc5 Qxd3 18. Qxd3 Rxd3 19. Ne5 Bxe5 20. Rxe5 Rd2
21. Bc3 Rxa2 22. cxb6 axb6 23. Rb5 Ba6 24. Rxb6 Bxc4 25. h3 Bd5 26. Bd4 h6 27.
Rcb1 Kh7 28. R6b2 Rxb2 29. Rxb2 Ra1+ 30. Kh2 Rd1 31. Be3 g5 32. Rc2 Kg7 33. Rc1
Rd3 34. Rc2 Kg6 35. Rd2 Ra3 36. Bd4 h5 37. Re2 Rd3 38. Bc5 Kf5 39. Re3 Rd2 40.
Rc3 f6 41. Be3 Rd1 42. Rc1 Rd3 43. Rc7 Kg6 44. Rc1 f5 45. Kg1 f4 46. Ba7 g4 47.
h4 g3 48. f3 Rd2 49. Re1 Kf5 50. Bb8 Rd4 51. Re5+ Kf6 52. Re1 Ra4 53. Bd6 Bc6
54. Bc7 Bb5 55. Bd6 Be2 56. Be5+ Kxe5 57. Rxe2+ Kf5 58. Kf1 Ra1+ 59. Re1 Rxe1+
60. Kxe1 e5 61. Kd2 e4 62. fxe4+ Kxe4 63. Kc2 f3 0-1

[Event "119th Scottish Championship"]
[Site "Glasgow"]
[Date "2012.07.10"]
[Round "4"]
[White "Brown, Martin"]
[Black "Will, Douglas"]
[Result "0-1"]
[WhiteElo "2224"]
[BlackElo "1923"]
[PlyCount "74"]
[EventDate "2012.07.07"]
[EventType "swiss"]
[EventRounds "9"]
[EventCountry "SCO"]
[Source "Chess Scotland"]
[SourceDate "2012.07.24"]

1. e4 e5 2. Nf3 Nc6 3. d4 exd4 4. Nxd4 Nf6 5. Nxc6 bxc6 6. e5 Ne4 7. Qf3 Ng5 8.
Qg3 Ne6 9. Bd3 d6 10. O-O dxe5 11. Qxe5 Bd6 12. Qe4 Rb8 13. f4 Rb4 14. Qxc6+
Kf8 15. Qf3 Bb7 16. Qf2 Nxf4 17. Nc3 Qg5 18. Bxf4 Rxf4 19. Qe2 Bxg2 20. Qxg2
Rg4 21. Be4 Qh4 22. Rf2 Bc5 23. Kh1 Bxf2 24. Qf3 Bg3 25. Qe2 Bd6 26. Bd5 Rf4
27. Ne4 g6 28. Nxd6 cxd6 29. Rf1 Qf6 30. Rxf4 Qxf4 31. c4 Kg7 32. b4 Re8 33.
Qb2+ f6 34. Kg1 Re3 35. Qf2 Qg4+ 36. Kf1 Qd1+ 37. Kg2 Re2 0-1